Statistics for NFL Teams Who's Logo is A Bird

Click here to take the quiz!

General Stats

  • This quiz has been taken 53 times
  • The average score is 5 of 5

Answer Stats

Team% Correct
Baltimore Ravens
95%
Philadelphia Eagles
95%
Arizona Cardinals
93%
Seattle Seahawks
86%
Atlanta Falcons
84%

Score Distribution

Percentile by Number Answered

Percent of People with Each Score

Your Score History

You have not taken this quiz